000 00412nam a22001457a 4500
999 _c7527
_d7525
005 20210306110845.0
008 210306b ||||| |||| 00| 0 eng d
082 _a346.066
100 _aAIYAR, A.N.
_96466
245 _aREPORTS OF COMPANY CASES INCLUDING CASES OF BANKING AND INSURENCE [VOL-24]
260 _aMADRAS
_bTHE COMPANY LAW INSTITUE OF INDIA
300 _a1-363,P
650 _aLAW
_95701
942 _cJRL